000 00829nam a2200241Ia 4500
003 GCL
008 140319s9999 xx 000 0 ara d
040 _aGCL /
_cGCL
082 0 4 _a346.02
_bم ا
100 1 _aمحمد المنجى
245 1 0 _aالامتداد القانونى لعقد الايجار فى المساكن والمحلات التجارية والاراضى الزراعية /
_cمحمد المنجى
260 _a[S.N] :
_bمنشاة المعارف الاسلامية ،
_c1989
300 _a399 ص
490 _aسلسلة الكتب القانونية
_v0
650 0 4 _aالقانون
650 0 4 _aالعقود
650 0 4 _aنزع الملكية
650 0 4 _aقانون الملكية
650 0 4 _aالحيازة
650 0 4 _aالملكية
650 0 4 _aالايجار
942 _2ddc
_cBK
999 _c55517
_d55517